|
|
|
|
| LEADER |
01390nam a22003374a 4500 |
| 001 |
40437 |
| 003 |
BD-DhAAL |
| 005 |
20230105164449.0 |
| 008 |
230105t2003 dcua b 001 0 eng |
| 010 |
|
|
|a 2003045004
|
| 020 |
|
|
|a 0821354183
|
| 040 |
|
|
|a DLC
|c DLC
|d DLC
|d BD-DhAAL
|
| 042 |
|
|
|a pcc
|
| 082 |
0 |
0 |
|a 332.10681
|2 21
|
| 100 |
1 |
|
|a Greuning, Hennie van.
|9 53253
|
| 245 |
1 |
0 |
|a Analyzing and managing banking risk :
|b a framework for assessing corporate governance and financial risk /
|c Hennie van Greuning and Sonja Brajovic Bratanovic.
|
| 250 |
|
|
|a Second edition
|
| 260 |
|
|
|a Washington, DC :
|b World Bank,
|c 2003.
|
| 300 |
|
|
|a xvi, 367 pages :
|b illustrations ;
|c 23 cm.
|
| 500 |
|
|
|a Originally published under title: Analyzing bank risk.
|
| 504 |
|
|
|a Includes bibliographical references and index.
|
| 541 |
|
|
|a Donated by Akbar Ali Khan
|e 40437
|
| 650 |
|
0 |
|a Bank management.
|
| 650 |
|
0 |
|a Risk management.
|
| 650 |
|
0 |
|a Corporate governance.
|
| 700 |
1 |
|
|a Greuning, Hennie van.
|t Analyzing banking risk.
|9 53254
|
| 700 |
1 |
|
|a Brajovic Bratanovic, Sonja,
|d 1946-
|9 53255
|
| 852 |
|
|
|a Ayesha Abed Library
|c Akbar Ali Khan Collection
|
| 942 |
|
|
|2 ddc
|c BK
|
| 999 |
|
|
|c 45406
|d 45406
|
| 952 |
|
|
|0 0
|1 0
|2 ddc
|4 0
|6 332_106810000000000_GRE
|7 1
|9 72792
|a BRACUL
|b BRACUL
|c AAKC
|d 2023-01-05
|e Donated by Akbar Ali Khan
|g 5692.40
|l 0
|o 332.10681 GRE
|p 3010040437
|r 2023-01-05
|t 1
|v 5692.40
|w 2023-01-05
|y BK
|